Islands A-Z - Statistics

General Stats
  • This quiz has been taken 26 times
  • The average score is 37 of 50
Answer Stats
Hint Island % Correct
A) Former max prison in the middleof San Francisco Bay Alcatraz
100%
D) Caribbean island whose capitalis Roseau Dominica
100%
F) Autonomous Danish islands northof Scotland Faroe
100%
C) Largest Caribbean island Cuba
96%
F) UK islands off of South Americabut disputed by Argentina Falkland
96%
G) The worlds largest island Greenland
96%
J) Bob Marley and Usain Bolt hail from here Jamaica
96%
J) One of the Channel Islands, its capitalis St Helier Jersey
96%
M) Lemurs are native to this large Africanisland nation Madagascar
96%
M) European island nation south of Sicily Malta
96%
T) Largest Australian island Tasmania
96%
V) Island that shares a name with the biggestcity in British Columbia Vancouver
96%
V) Island nation in Oceania, its capitalis Port Vila Vanuatu
96%
B) Canadas largest island Baffin
92%
B) Small island nation connected toSaudi Arabia in the Persian Gulf Bahrain
92%
C) Its capital is Heraklion Crete
92%
G) Remote Ecuadorian islands where Darwin recorded species Galapagos
92%
H) Japans most populous island Honshu
92%
O) Japanese island that was the site of a battle from Mar-Sept 1945 Okinawa
92%
S) Largest island in the Mediterranean Sicily
92%
S) Remote Atlantic island where Napoleonwas exiled for the final time St Helena
92%
Z) Island off the coast of Tanzania that was oncean independent nation Zanzibar
92%
E) Napoleon was banished here on his first exile Elba
88%
I) The Emerald Isle Ireland
88%
L) Largest Philippine island Luzon
88%
O) Honolulu is located here Oahu
88%
N) Canadian island province, _____ andLabrador Newfoundland
85%
P) The smallest of Canadas provinces Prince Edward Island
85%
T) Largest French Polynesian island Tahiti
85%
A) Autonomous Finnish islandthat speaks mostly Swedish Aland
81%
H) Aka the "big island" Hawaii
81%
K) Alaskas' largest island, home to the brownbear that shares its name Kodiak
77%
N) Popular vacation island off the coastof Cape Cod Nantucket
73%
P) Mutineers from the HMS Bounty populatedthis remote Pacific island Pitcairn
73%
E) Northernmost Canadian island Ellesmere
69%
R) Also called Easter Island Rapa Nui
65%
K) 4th largest Hawaiian island, known asthe Garden Isle Kauai
58%
Y) Island in San Francisco bay that translatesto "good herb" Yerba Buena
58%
L) 6th largest Hawaiian island, also called thePineapple isle Lanai
46%
D) Islands in the Bering Straight that are 21 hours but 2 miles apart Diomede
42%
W) French overseas territory in the SouthPacific Wallis and Futuna
42%
W) Remote atoll in the South Pacific administeredby the US as an unincorporated territory Wake
35%
Z) Greek resort island in the Ionian Sea Zakynthos
35%
U) The show Deadliest Catch was based out ofDutch Harbor on this Alaskan island Unalaska
31%
Y) One of the island states of the Federated States of Micronesia Yap
31%
Q) Irans largest island, located in the Strait of Hormuz Qeshm
23%
I) The largest of Scotlands' Inner Hebrides Isle of Skye
12%
R) Honduran island in the Caribbean Roatan
12%
U) The largest Aleutian island in Alaska Unimak
8%
Q) Island in the Discovery chain off of Vancouver island in Canada Quadra
4%
No matching quizzes found
Score Distribution
Percent of People with Each Score
Percentile by Number Answered
Your Score History
You have not taken this quiz